000 00336nam a2200145Ia 4500
008 150201s2009 xx 000 0 und d
082 _a611
_bA09T
100 _aTANK,PATRICK W
245 _aATLAS OF ANATOMY
250 _a1ST
260 _bWOLTER KLUWER
_aDELHI
_c2009
300 _a1-432
650 _aHUMAN ANATOMY
942 _2ddc
_cBK
_04
999 _c547
_d547